Statistiche per Isole più grandi del mondo

Clicka qui per fare il quiz!

Statistiche generali

  • Questo quiz è stato fatto 61 volte
  • Il punteggio medio è 6 su 15

Statistiche sulle risposte

Superficie (km²)ContinenteIsola% Corretto
587 041AfricaMadagascar
82%
2 130 800America del NordGroenlandia
79%
785 753OceaniaNuova Guinea
54%
748 168AsiaBorneo
51%
209 331EuropaGran Bretagna
49%
138 794AsiaGiava
46%
443 066AsiaSumatra
46%
225 800AsiaHonshū
41%
111 583OceaniaIsola del Nord
36%
145 836OceaniaIsola del Sud
36%
507 451America del NordIsola di Baffin
26%
109 965AsiaLuzon
23%
180 681AsiaSulawesi
21%
196 236America del NordIsola di Ellesmere
15%
217 291America del NordIsola Victoria
8%

Distribuzione punteggi

Percentile per numero di risposta

Percentuale di utenti per punteggio

I tuoi punteggi nel tempo

Non hai fatto questo quiz